000 00450nam a22001697a 4500
003 NUST - PNEC
005 20170116180914.0
008 150903b xxu||||| |||| 00| 0 eng d
020 _a-
040 _cLIBRARY
082 _a620.11 DME
100 _97323
_aDepartment of marine engineering
245 _aEngineering materials
_cDepartment of marine engineering
260 _c1950
650 _97326
_aMechanical Engineering
_xME
942 _2ddc
_cBK
999 _c65398
_d65398